| 000 | 00455nam a22001337a 4500 | ||
|---|---|---|---|
| 040 | _cNUST | ||
| 082 | _a220 PRO | ||
| 100 |
_aMuhammad Shayan Sajid Rizwan Qadeer Malik Muhammad Awais Malik _9119612 |
||
| 110 |
_aSupervisor Dr. Ahmad Rauf Subhani _9119613 |
||
| 245 | _aPR-SOF-2262-AI Based Smart Assistance System For Visually Impaired Persons | ||
| 260 |
_aISLAMABAD: _bNUST COLLEGE OF EME, _c2023. |
||
| 650 |
_aDE-ELECT-41 _9119586 |
||
| 942 |
_2ddc _cPR |
||
| 999 |
_c607280 _d607280 |
||